Diffusion coefficients at infinite dilution in n-alkane solvents at temperatures to 573 K and pressures to 3.5 MPa /

Bibliographic Details
Main Author: Matthews, Michael Anthony, 1956-
Other Authors: Anthony, R. G. (degree committee member.), Holste, J. C. (degree committee member.), Perry, W. L. (degree committee member.)
Format: Thesis Book
Language:English
Published: 1986.
Subjects:
Online Access:Link to ProQuest copy
Link to OAKTrust copy

MARC

Tag First Indicator Second Indicator Subfields
LEADER 00000ctm a2200000Ia 4500
001 in00000018046
005 20220104090741.0
008 880613s1986 xx a bm 000 0 eng d
035 |9 AAB0528AM 
035 |a (OCoLC)18077459 
035 |a (OCoLC)ocm18077459 
040 |a TXA  |b eng  |c TXA  |d OCLCQ  |d OCLCO  |d TXA 
049 |a TXAM 
099 |a 1986  |a Disser-  |a tation  |a M434 
100 1 |a Matthews, Michael Anthony,  |d 1956- 
245 1 0 |a Diffusion coefficients at infinite dilution in n-alkane solvents at temperatures to 573 K and pressures to 3.5 MPa / 
264 1 |c 1986. 
300 |a x, 98 leaves :  |b illustrations ;  |c 29 cm 
336 |a text  |b txt  |2 rdacontent 
337 |a unmediated  |b n  |2 rdamedia 
338 |a volume  |b nc  |2 rdacarrier 
500 |a "Major subject: Chemical Engineering." 
500 |a Typescript (photocopy). 
500 |a Vita. 
502 |b Ph. D.  |c Texas A & M University  |d 1986 
504 |a Includes bibliographical references (leaves 92-97). 
520 3 |a Diffusion in liquids is a very important phenomenon in all mass transfer operations. Although there are many correlations available to predict diffusivities in liquids, almost all of these are developed from data at ambient or close to ambient conditions. There is a severe lack of data on diffusion coefficients at high temperatures and pressures. Consequently, theoretical treatments are also lacking for diffusivity at high temperatures. In this study, a Taylor dispersion apparatus was constructed for measuring diffusion coefficients in liquids at temperatures between 298 and 573 K and pressures between atmospheric and 3500 kPa. Because the diffusion coefficients are known to be a strong function of molar volume and viscosity, the apparatus was designed to measure the viscosity and density of the liquids, also. The diffusion coefficients of hydrogen, carbon monoxide, carbon dioxide, octane, decane, dodecane, tetradecane, and hexadecane were measured in the solvents heptane, dodecane, and hexadecane between 298 and 567 K and at 1400 and 3450 kPa. The density and viscosity of dodecane and hexadecane were also measured at all conditions. These data are the first for these systems at temperatures above 343 K, and represents a significant extension of the high temperature data base for diffusion coefficients. A rough hard sphere kinetic theory approach has been developed to analyze the data and develop a predictive equation. Some of the other theoretical treatments have been shown to be less desirable due to the difficulty in predicting the necessary parameters or to the failure of the basic assumptions of the theory. Methods for estimating the parameters needed to predict the diffusivity from the rough hard sphere theory have been provided, and the resulting equations have been shown to work better than previously available predictive equations. In addition, the theory given in this study also predicts other diffusivities given in the literature for chemically similar systems. This study provides the first systematic effort to generalize the rough hard sphere theory for an important class of compounds. 
650 0 |a Alkanes  |x Diffusion rate. 
650 0 |a Diffusion  |x Measurement. 
650 4 |a Major chemical engineering. 
655 7 |a Academic theses  |2 lcgft 
700 1 |a Akgerman, A.,  |e degree supervisor. 
700 1 |a Anthony, R. G.,  |e degree committee member. 
700 1 |a Holste, J. C.,  |e degree committee member. 
700 1 |a Perry, W. L.,  |e degree committee member. 
710 2 |a Texas A & M University,  |e degree granting institution. 
856 4 1 |u http://proxy.library.tamu.edu/login?url=http://proquest.umi.com/pqdweb?did=752634201&sid=1&Fmt=2&clientId=2945&RQT=309&VName=PQD  |z Link to ProQuest copy  |t 0 
856 4 1 |u https://hdl.handle.net/1969.1/DISSERTATIONS-24183  |z Link to OAKTrust copy  |t 0 
994 |a C0  |b TXA 
999 f f |s e30a7293-2c1c-3348-b7c1-354000110337  |i ff679a07-dace-3c3c-8e73-ca53fc78024d  |t 0 
952 f f |p noncirc  |a Texas A&M University  |b J.J. Pickle Campus  |c High Density Repository  |s HDR  |d Remote Storage  |t 0  |e 1986 Dissertation M434  |h Other scheme  |i unmediated -- volume  |m A14839614875 
952 f f |a Texas A&M University  |b College Station  |c Electronic Resources  |s www_evans  |d Available Online  |t 0  |e 1986 Dissertation M434  |h Other scheme 
998 f f |a 1986 Dissertation M434  |t 0  |l Remote Storage 
998 f f |a 1986 Dissertation M434  |t 0  |l Available Online